| 000 | 00544nam a22001937a 4500 | ||
|---|---|---|---|
| 003 | OSt | ||
| 005 | 20140310182025.0 | ||
| 008 | 130220t xxu||||| |||| 00| 0 eng d | ||
| 020 | _a9780853697640 | ||
| 050 |
_aRS 201 _b.L283 2008 |
||
| 100 |
_aChris langley. _98314 |
||
| 245 |
_aPharmaceutical Compounding and Dispensing _cChris langley. |
||
| 260 |
_aLondon : _bPharmaceutical Press, _cc2008. |
||
| 300 |
_a227 p. : _c23 cm. _bill. col. ; |
||
| 440 |
_aFASTtrack _98315 |
||
| 650 |
_aPharmacy _97408 |
||
| 942 |
_2lcc _cSSLC |
||
| 999 |
_c8456 _d8456 |
||